| 000 | 00691nam a2200229#a 4500 | ||
|---|---|---|---|
| 001 | 02480 | ||
| 003 | HDC | ||
| 007 | ta | ||
| 008 | 230623s2016 xx 000 0 eng d | ||
| 040 | _aHDC | ||
| 050 |
_athes BP 184 _b.9 .M35 2016 |
||
| 100 |
_aMuhammad Fakrul Haniff Bin Ishak, _eauthor |
||
| 245 | 0 | _aPRESTASI DAYA SAING INDUSTRI HALAL MALAYSIA NEGARA-NEGARA ASEAN TERPILIH | |
| 264 |
_aBangi, Selangor : _bUniversiti Kebangsaan Malaysia (UKM), _c2016 |
||
| 300 |
_axi, 51 pages : _b illustration; _c 30 cm |
||
| 504 | _aBibliography: pages 47-51 | ||
| 650 |
_aAsia, Southeastern _xHalal industry |
||
| 942 | _2lcc | ||
| 942 | _cBK | ||
| 942 | _kthes BP 184 | ||
| 942 | _m.9 .M35 2016 | ||
| 999 |
_c24038 _d24038 |
||